Arte y percepción visual : psicología del ojo creador /

Guardado en:
Autor Principal: Arnheim, Rudolf
Otros Autores: Balseiro, María Luisa
Formato: Libro
Publicado: Barcelona : Alianza
Series:Forma; No. 3
Materias:
Etiquetas: Agregar Etiqueta
Sin Etiquetas, Sea el primero en etiquetar este registro!
LEADER 00769nam a22002175a 4500
001 CEM.cems011746
005 20070628173143.0
008 130507b######################000#0#####d
003 CEMS
020 |a 8420678740 
082 0 4 |a 701 
100 1 |a Arnheim, Rudolf 
245 1 0 |a Arte y percepción visual :  |b psicología del ojo creador /  |c Rudolf Arnheim ; traducido Por María Luisa Balseiro 
260 |a Barcelona :  |b Alianza 
300 |a 511 p. 
490 0 |a Forma; No. 3 
505 0 |a El equilibrio -- La forma -- El desarrollo -- El espacio -- La luz -- El color -- El movimiento -- La dinámica -- La expresión 
653 |a Arte 
653 |a Arte-percepción visual 
700 1 |a Balseiro, María Luisa 
859 |a CEMS  |b BIB. CEMS - 11 de abril  |h 701  |i Ar62a2  |p 22708.04  |t Ej.1